| 000 | 01051nam a2200277 a 4500 | ||
|---|---|---|---|
| 003 | OSt | ||
| 005 | 20210818181823.0 | ||
| 008 | 161110s2015 ck a gr 00010 spa d | ||
| 020 | _a9789587221978 | ||
| 040 | _bspa | ||
| 041 | _aspa | ||
| 082 | 0 | 4 |
_a669.95 _bM389r |
| 100 | 1 | _aMarulanda Arévalo, José Luddey. | |
| 245 | 1 | 0 |
_aRociado térmico _cJosé Luddey Marulanda Arévalo, José Luis Tristancho Reyes, Héctor Álvaro González Betancourt |
| 260 |
_aPereira _bUniversidad Tecnológica de Pereira, Facultad de Tecnología _c2015 |
||
| 300 |
_a200 páginas _bilustraciones, gráficos, tablas _c23 cm. |
||
| 490 | 1 | _aTextos académicos | |
| 504 | _aIncluye referencias bibliográficas (páginas 193-200) | ||
| 650 | 4 |
_aMetales _x Análisis. |
|
| 650 | 4 | _aMetalografía. | |
| 650 | 4 | _aCorrosión del acero. | |
| 650 | 4 | _aMateriales resistentes a la corrosión. | |
| 700 | 1 | _aTristancho Reyes, José Luis. | |
| 700 | 1 | _aGonzález Betancourt, Héctor Álvaro. | |
| 942 |
_2ddc _h669.95 M389r _k669.95 _mM389r |
||
| 999 |
_c12706 _d12706 |
||